000
00250nam a2200097Ia 4500
001
1145723
005
20250827010238.0
008
250824s9999 xx 000 0 und d
245
0
_a
VE DAĞLAR YANKILANDI
_c
KHALED HOSSEINI
260
_b
EVEREST YAYINLARI
999
_c
1145723
_d
1145723